[Event "FRA-chT3"]
[Site "France"]
[Date "2001.??.??"]
[Round "9"]
[White "Pouilly, Patrick"]
[Black "Bussachini, Michel"]
[Result "1/2-1/2"]
[WhiteElo "1950"]
[BlackElo "2060"]
[PlyCount "56"]
[EventDate "2001.??.??"]
[EventType "team-tourn"]
[EventRounds "9"]
[EventCountry "FRA"]
[SourceTitle "EXT 2003"]
[Source "ChessBase"]
[SourceDate "2002.11.25"]
[SourceVersion "1"]
[SourceVersionDate "2002.11.25"]
[SourceQuality "1"]

1. e4 c6 2. d4 d5 3. e5 Bf5 4. h4 h5 5. Nc3 e6 6. Bd3 Bxd3 7. Qxd3 c5 8. dxc5 Nc6 9. Qb5 Qd7 10. Nf3 d4 11. Ne4 Nxe5 12. Qxd7+ Nxd7 13. Nxd4 Nxc5 14. Nxc5 Bxc5 15. Be3 0-0-0 16. 0-0-0 Nf6 17. Nb5 Bxe3+ 18. fxe3 Kb8 19. Rxd8+ Rxd8 20. Rd1 Rxd1+ 21. Kxd1 Ne4 22. Ke2 a6 23. Nd4 Kc7 24. Kf3 Nd2+ 25. Kf4 Kd6 26. Kg5 Kc5 27. Kxh5 Nc4 28. b3 Kd5 1/2-1/2